[Event "CRO-ch U11"]
[Site "Trogir"]
[Date "2023.06.26"]
[Round "9"]
[White "Vrekalovic, Samuel"]
[Black "Krasnjak, Andrej"]
[Result "0-1"]
[WhiteElo "1773"]
[BlackElo "1084"]
[PlyCount "120"]
[EventDate "2023.06.21"]
[EventType "swiss"]
[EventRounds "9"]
[EventCountry "CRO"]
[SourceTitle "EXT 2024"]
[Source "ChessBase"]
[SourceDate "2023.10.10"]
[SourceVersion "1"]
[SourceVersionDate "2023.10.10"]
[SourceQuality "1"]

1. d4 d5 2. Nf3 Nc6 3. Bf4 Bf5 4. e3 e6 5. Bd3 Bg6 6. 0-0 Bd6 7. Bxd6 Qxd6 8. Re1 Nf6 9. c4 Be4 10. Nc3 Bxd3 11. Qxd3 Nb4 12. Qe2 0-0 13. a3 Nc6 14. Rac1 a6 15. cxd5 exd5 16. Na4 Rfe8 17. Nc5 b6 18. Nd3 Ng4 19. h3 Nxd4 20. Qd1 Nxf3+ 21. Qxf3 Nf6 22. Nf4 Re7 23. Red1 c6 24. Rc4 Rc8 25. Ne2 Qe5 26. Rc2 Qe4 27. Qxe4 Rxe4 28. Nc3 Rc4 29. Rdd2 Ne4 30. Nxe4 Rxc2 31. Rxc2 dxe4 32. Rc4 f5 33. Rd4 Kf7 34. Rd7+ Kf6 35. Ra7 a5 36. Rb7 b5 37. Rd7 a4 38. Kf1 h5 39. Ke2 g6 40. f3 exf3+ 41. Kxf3 Kg5 42. g3 c5 43. h4+ Kh6 44. Rb7 c4 45. Rxb5 c3 46. bxc3 Rxc3 47. Ke2 Rxa3 48. Ra5 Ra1 49. Kd2 a3 50. Kc2 a2 51. Kb2 Re1 52. Ra3 a1Q+ 53. Rxa1 Rxe3 54. Ra3 Rxa3 55. Kxa3 g5 56. Kb3 f4 57. gxf4 gxh4 58. f5 Kg7 59. Kc3 h3 60. Kd3 h2 0-1